Logo BPK

Biblioteka

Politechniki Koszalińskiej

Customs and traditions in Britain / (Rekord nr 50134)

Szczegóły MARC
000 -ETYKIETA REKORDU
podpole kontrolne o stałej długości 00691nam a2200229 i 4500
001 - NUMER KONTROLNY REKORDU
pole kontrolne bgj
020 ## - MIĘDZYNARODOWY ZNORMALIZOWANY NUMER KSIĄŻKI - ISBN
ISBN 0582749085 (pbk)
040 ## - ŹRÓDŁO KATALOGOWANIA
Instytucja, która utworzyła rekord BPK
041 0# - KOD JĘZYKA
Kod języka tekstu eng
920 ## - Międzynarodowy znormalizowany numer książki – ISBN
ISBN 0-582-74908-5 (pbk)
008 - POLE O STAŁEJ DŁUGOŚCI - DANE KONTROLNE
podpole kontrolne o stałej długości s uk f |000 0 eng
100 1# - NAZWA OSOBOWA
Nazwa osobowa RABLEY, Stephen
245 10 - TYTUŁ/ODPOWIEDZIALNOŚĆ
Tytuł Customs and traditions in Britain /
Pozostałe elementy strefy tytułu i oznaczenia odpowiedzialności Stephen Rabley.
250 ## - STREFA WYDANIA
Oznaczenie wydania [11th impr.].
260 ## - STREFA ADRESU WYDAWNICZEGO
Miejsce wydania Singapore :
Nazwa wydawcy/dystrybutora Longman,
Data publikacji, dystrybucji/powstania dokumentu 1986.
300 ## - STREFA OPISU FIZYCZNEGO
Objętość 47 pp :
Inne cechy fizyczne ill. (incl. colour) ;
Rozmiary 20 cm.
490 1# - STREFA SERII I DOKUMENTU WIELOCZĘŚCIOWEGO - FORMA NIE DO WYSZUKIWANIA
Tytuł i oznaczenie odpowiedzialności serii Longman structural readers. Background : stage 2
500 ## - UWAGI OGÓLNE
Tekst uwagi 1st publ. 1986.
651 #9 - HASŁO PRZEDMIOTOWE W FORMIE NAZWY GEOGRAFICZNEJ
Nazwa geograficzna Great Britain
Określnik ogólny Social life and customs
830 #0 - HASŁO DODATKOWE SERII LUB DOKUMENTU WIELOCZĘŚCIOWEGO - TYTUŁ UJEDNOLICONY
Tytuł ujednolicony Longman structural readers.
Nazwa części/sekcji dzieła Background
856 ## - LOKALIZACJA I DOSTĘP DO ELEKTRONICZNYCH DOKUMENTÓW ZDALNYCH
Link (URL) http://koha.tu.koszalin.pl/cgi-bin/koha/opac-detail.pl?biblionumber=50134
Tekst linku Katalog online BPK
942 ## - DODATKOWE ELEMENTY (KOHA)
Typ dokumentu Książka
Egzemplarze
Wycofany Status egzemplarza Uszkodzony Dostępność Lokalizacja stała Lokalizacja bieżąca Miejsce przechowywania Sygnatura Kod kreskowy Typ dokumentu
      Tylko na miejscu Biblioteka Politechniki Koszalińskiej Biblioteka Politechniki Koszalińskiej Czytelnia Wydziałowa ul. Kwiatkowskiego 6e BR 32 09000889 Książka
© 2023 Biblioteka Politechniki Koszalińskiej :: KOHA